La religión de Platón
Uloženo v:
| Hlavní autor: | |
|---|---|
| Médium: | Kniha |
| Jazyk: | francouzština |
| Vydáno: |
París
Presses Universitaires de France
1949
|
| Edice: | Mythes et religions
|
| Témata: | |
| Tagy: |
Přidat tag
Žádné tagy, Buďte první, kdo vytvoří štítek k tomuto záznamu!
|
MARC
| LEADER | 00000nam a2200000 a 4500 | ||
|---|---|---|---|
| 001 | UCY6269 | ||
| 003 | CL-VaPUC | ||
| 008 | 950521e19490000FR |||||||||||||||||fre|d | ||
| 082 | 0 | 4 | |a 184 |b GOL |2 21 |
| 100 | |a Goldschmidt, Victor |e author |9 348615 | ||
| 245 | 1 | 3 | |a La religión de Platón |
| 300 | |a 158 p | ||
| 942 | |c BK | ||
| 945 | |d 19950521 00:00:00 |a oaravena | ||
| 260 | |a París |b Presses Universitaires de France |c 1949 | ||
| 650 | 0 | |a Filosofía |9 223554 | |
| 650 | 0 | |a Filosofía antigua |9 255705 | |
| 650 | 0 | |a Religión |9 255164 | |
| 650 | 0 | |a Política |9 255312 | |
| 650 | 0 | |a Amor |9 257817 | |
| 650 | 0 | |a Bien |9 335293 | |
| 650 | 7 | |a HOMBRE |2 CL-VaPUC |9 262149 | |
| 651 | 0 | |a Grecia |9 265314 | |
| 583 | |a last modification |c 19950521 00:00:00 |k Rodrigo Vera | ||
| 490 | 0 | |a Mythes et religions | |
| 999 | |c 233847 |d 233845 | ||
| 952 | |0 0 |1 0 |4 0 |6 184_000000000000000_GOL_1949 |7 0 |8 P |9 239640 |a BIBEDU |b BIBEDU |c BIBEDU_PB |d 2019-11-18 |i 1506498 |l 1 |o 184 GOL 1949 |p 1506498 |r 2024-05-13 |s 2024-05-13 |w 2019-11-18 |y BK |k FIL | ||